000 00586nam a2200229Ia 4500
003 OSt
005 20221005124545.0
006 a|||||r|||| 00| 0
007 ta
008 221004b |||||||| |||| 00| 0 mal d
024 _a57608
037 _cTextual
040 _aCRL
_cCRL
_bmal
041 _2mal
_amal
082 _aO32,6M861x, L3.1-.4
100 _aMenon Kesava Au.
245 0 _aNam munnothu
260 _c1973
650 _aMALAYALAM PROSE
_9187524
942 _hO32,6M861x, L3.1-.4
_cTEXL
_2cc
999 _c1050852
_d1050852